| 000 | 00425cam a2200145ua 4500 | ||
|---|---|---|---|
| 041 |
_aeng _h |
||
| 082 |
_a828.09 _bBEN/JA |
||
| 100 | _aBentley, Gerald E . | ||
| 245 |
_aJacobean and caroline stage: dynmic companies and players Vol.II / _cGerald Eades Bentley. _hTextual Documents |
||
| 260 |
_aLondon : _bOxford at the Clarendon Press , _c1961. |
||
| 300 | _a748 ; . | ||
| 504 | _a | ||
| 942 | _cBK | ||
| 999 |
_c12818 _d12818 |
||